000 00517nam a2200169Ia 4500
003 GCL
008 140319s9999 xx 000 0 ara d
040 _aGCL /
_cGCL
082 0 4 _a415.1
_bز د
100 1 _aزين كامل الخويسكى
245 1 0 _aدروس فى : النحو العربى وتطبيقاته /
_cزين كامل الخويسكى
260 _a[S.N] :
_bمؤسسة شباب الجامعة ،
_c1987
300 _a372 ص
490 _a
650 0 4 _aالنحو العربى
942 _2ddc
_cBK
999 _c54221
_d54221